AH International Schools' Libraries

Brightly burning / (Record no. 48886)

MARC details
000 -LEADER
fixed length control field 01043nam a2200145 4500
020 ## - INTERNATIONAL STANDARD BOOK NUMBER
International Standard Book Number 9781785659423
100 ## - MAIN ENTRY--PERSONAL NAME
Personal name Donne, Alexa.
9 (RLIN) 86277
245 ## - TITLE STATEMENT
Title Brightly burning /
Statement of responsibility, etc Alexa Donne.
260 ## - PUBLICATION, DISTRIBUTION, ETC. (IMPRINT)
Place of publication, distribution, etc London:
Name of publisher, distributor, etc Titan Books;
Date of publication, distribution, etc 2018.
300 ## - PHYSICAL DESCRIPTION
Extent 399.
Dimensions 20 cm.
520 ## - SUMMARY, ETC.
Summary, etc Seventeen-year-old Stella Ainsley wants just one to go somewhere—anywhere—else. Her home is a floundering spaceship that offers few prospects, having been orbiting an ice-encased Earth for two hundred years. When a private ship hires her as a governess, Stella jumps at the chance. The captain of the Rochester, nineteen-year-old Hugo Fairfax, is notorious throughout the fleet for being a moody recluse and a drunk. But with Stella he’s kind.But the Rochester harbors Stella is certain someone is trying to kill Hugo, and the more she discovers, the more questions she has about his role in a conspiracy threatening the fleet.
650 ## - SUBJECT ADDED ENTRY--TOPICAL TERM
Topical term or geographic name as entry element Artificial intelligence. Conspiracies. Orphans.
Form subdivision Fiction.
9 (RLIN) 86278
655 ## - INDEX TERM--GENRE/FORM
Genre/form data or focus term Science Fiction.
942 ## - ADDED ENTRY ELEMENTS (KOHA)
Source of classification or shelving scheme
Koha item type YA FIC BOOKS
Holdings
Withdrawn status Lost status Source of classification or shelving scheme Damaged status Not for loan Collection code Home library Current library Shelving location Date acquired Full call number Barcode Date last seen Price effective from Koha item type
          SECONDARY Asian Hope Secondary Library Asian Hope Secondary Library SECONDARY 05/01/2025 YA FIC DON 206070 01/16/2026 05/01/2025 YA FIC BOOKS

For any Logos Library related questions please contact Miss Art at swongnarasuk@asianhope.org.

For any Asian Hope Library related questions please contact Miss Raza at graza@asianhope.org.

Powered by Koha